| 000 -LEADER | |
|---|---|
| fixed length control field | 00465nam a22001697a 4500 |
| 005 - DATE AND TIME OF LATEST TRANSACTION | |
| control field | 20230118111938.0 |
| 008 - FIXED-LENGTH DATA ELEMENTS--GENERAL INFORMATION | |
| fixed length control field | 220210b ||||| |||| 00| 0 eng d |
| 020 ## - INTERNATIONAL STANDARD BOOK NUMBER | |
| ISBN | 978-93-87686-59-5 |
| 041 ## - LANGUAGE CODE | |
| Language code of text/sound track or separate title | eng |
| 082 ## - DEWEY DECIMAL CLASSIFICATION NUMBER | |
| Classification number | 615.19 |
| Item number | PAT-P |
| 100 ## - MAIN ENTRY--AUTHOR NAME | |
| Personal name | PATIL, MRS.PRITY NISHAD |
| 245 ## - TITLE STATEMENT | |
| Title | A PRACTICAL BOOK OF PHARMACEUTICAL ANALYSIS [SEM-I] |
| 260 ## - PUBLICATION, DISTRIBUTION, ETC. (IMPRINT) | |
| Place of publication | PUNE |
| Name of publisher | NIRALI PRAKASHAN |
| 300 ## - PHYSICAL DESCRIPTION | |
| Number of Pages | 78;p |
| 650 ## - SUBJECT ADDED ENTRY--TOPICAL TERM | |
| Topical Term | PHARMACY |
| General subdivision | B.PHARMA & D.PHARMA |
| 942 ## - ADDED ENTRY ELEMENTS (KOHA) | |
| Koha item type | Books |
| Lost status | Damaged status | Collection code | Home library | Current library | Shelving location | Date acquired | Source of acquisition | Cost, normal purchase price | Full call number | Accession Number | Koha item type |
|---|---|---|---|---|---|---|---|---|---|---|---|
| Reference | JRU Library | JRU Library | Shelf - 27- C | 10/02/2022 | PURCHASE | 70.00 | 615.19 | 26235 | Books | ||
| PHARMACY | JRU Library | JRU Library | Shelf - 27- C | 10/02/2022 | PURCHASE | 70.00 | 615.19 | 26236 | Books | ||
| PHARMACY | JRU Library | JRU Library | Shelf - 27- C | 10/02/2022 | PURCHASE | 70.00 | 615.19 | 26237 | Books | ||
| PHARMACY | JRU Library | JRU Library | Shelf - 27- C | 10/02/2022 | PURCHASE | 70.00 | 615.19 | 26238 | Books | ||
| PHARMACY | JRU Library | JRU Library | Shelf - 24- E | 10/02/2022 | PURCHASE | 70.00 | 615.19 | 26239 | Books |